[Event "Ciudad del Este"]
[Site "Ciudad del Este"]
[Date "2015.09.13"]
[Round "7"]
[White "Chellappa, Thiago"]
[Black "Quiroga, Facundo"]
[Result "1/2-1/2"]
[WhiteElo "2067"]
[BlackElo "2246"]
[PlyCount "44"]
[EventDate "2015.09.10"]
[EventType "tourn"]
[EventRounds "14"]
[EventCountry "PAR"]
[EventCategory "2"]
[SourceTitle "EXT 2016"]
[Source "ChessBase"]
[SourceDate "2015.10.08"]
[SourceVersion "1"]
[SourceVersionDate "2015.10.08"]
[SourceQuality "1"]

1. d4 Nf6 2. Nf3 g6 3. Bf4 d6 4. h3 Bg7 5. e3 0-0 6. Be2 Nbd7 7. 0-0 c6 8. c3 a6 9. a4 a5 10. Na3 Nd5 11. Bh2 f5 12. Qb3 Qb6 13. Qxb6 N7xb6 14. Nc4 h6 15. Nfd2 Nxc4 16. Bxc4 Kh7 17. Bb3 f4 18. Bxd5 fxe3 19. fxe3 cxd5 20. Rxf8 Bxf8 21. Rf1 Bf5 22. g4 Bd3 1/2-1/2

[Event "Ciudad del Este"]
[Site "Ciudad del Este"]
[Date "2015.09.13"]
[Round "6"]
[White "De Souza, Mauro Guimaraes"]
[Black "Chellappa, Thiago"]
[Result "1/2-1/2"]
[WhiteElo "2334"]
[BlackElo "2067"]
[PlyCount "39"]
[EventDate "2015.09.10"]
[EventType "tourn"]
[EventRounds "14"]
[EventCountry "PAR"]
[EventCategory "2"]
[SourceTitle "EXT 2016"]
[Source "ChessBase"]
[SourceDate "2015.10.08"]
[SourceVersion "1"]
[SourceVersionDate "2015.10.08"]
[SourceQuality "1"]

1. d4 Nf6 2. c4 c5 3. d5 b5 4. Nd2 b4 5. e4 d6 6. Bd3 Nbd7 7. Ne2 Ne5 8. Bc2 g6 9. 0-0 Bg7 10. f4 Ned7 11. Nf3 0-0 12. Ng3 Qc7 13. Qe2 a5 14. Bd2 a4 15. Rae1 a3 16. b3 Bb7 17. f5 Ng4 18. h3 Nge5 19. Nxe5 Nxe5 20. Bf4 1/2-1/2

[Event "Natal Maceio"]
[Site "Natal"]
[Date "2013.11.23"]
[Round "6"]
[White "Chellappa, Thiago"]
[Black "De Souza, Gilberto Ferreira"]
[Result "1-0"]
[WhiteElo "2067"]
[BlackElo "2079"]
[PlyCount "53"]
[EventDate "2013.11.21"]
[EventType "tourn"]
[EventRounds "10"]
[EventCountry "BRA"]
[SourceTitle "EXT 2016"]
[Source "ChessBase"]
[SourceDate "2015.10.08"]
[SourceVersion "1"]
[SourceVersionDate "2015.10.08"]
[SourceQuality "1"]

1. d4 d5 2. Bf4 Nf6 3. h3 e6 4. e3 Bd6 5. Bxd6 Qxd6 6. c3 Nbd7 7. Nf3 c5 8. Bd3 b6 9. 0-0 Bb7 10. Qe2 0-0 11. Nbd2 e5 12. dxe5 Nxe5 13. Nxe5 Qxe5 14. Nf3 Qh5 15. Ba6 Bc6 16. Bb5 Bxb5 17. Qxb5 Rae8 18. a4 Ne4 19. a5 Re6 20. axb6 axb6 21. Ra6 Qh6 22. Rfa1 Rg6 23. Ra8 Rxg2+ 24. Kxg2 Qg6+ 25. Kh2 Qd6+ 26. Kg2 Qg6+ 27. Kf1 1-0

[Event "Natal Maceio"]
[Site "Natal"]
[Date "2013.11.22"]
[Round "3"]
[White "Chellappa, Thiago"]
[Black "Mesquita, Jussier Cabral"]
[Result "1-0"]
[WhiteElo "2067"]
[BlackElo "1828"]
[PlyCount "67"]
[EventDate "2013.11.21"]
[EventType "tourn"]
[EventRounds "10"]
[EventCountry "BRA"]
[SourceTitle "EXT 2016"]
[Source "ChessBase"]
[SourceDate "2015.10.08"]
[SourceVersion "1"]
[SourceVersionDate "2015.10.08"]
[SourceQuality "1"]

1. d4 d5 2. Bf4 Nf6 3. h3 e6 4. e3 Bd6 5. Bxd6 Qxd6 6. c3 Nbd7 7. Nf3 c5 8. Bd3 b6 9. 0-0 0-0 10. Qe2 Bb7 11. Nbd2 e5 12. Nxe5 Nxe5 13. dxe5 Qxe5 14. Nf3 Qh5 15. Ba6 Bxa6 16. Qxa6 Qg6 17. Rfd1 Qe4 18. Qd3 Qxd3 19. Rxd3 h6 20. Ne5 Rad8 21. Rad1 Rd6 22. c4 Rfd8 23. cxd5 Rxd5 24. Rxd5 Rxd5 25. Rxd5 Nxd5 26. Nc6 a6 27. Nb8 Nc7 28. Kf1 Kf8 29. Nd7+ Ke7 30. Nxb6 Kd6 31. Ke2 Ne6 32. Nc4+ Kc6 33. Ne5+ Kd5 34. Nxf7 1-0

[Event "Natal Potiguar op"]
[Site "Natal"]
[Date "2011.10.07"]
[Round "6"]
[White "Macedo, Maximo Iack Miranda"]
[Black "Chellappa, Thiago"]
[Result "1-0"]
[WhiteElo "2292"]
[BlackElo "2034"]
[PlyCount "75"]
[EventDate "2011.10.01"]
[EventType "swiss"]
[EventRounds "9"]
[EventCountry "BRA"]
[SourceTitle "EXT 2012"]
[Source "ChessBase"]
[SourceDate "2011.11.24"]
[SourceVersion "1"]
[SourceVersionDate "2011.11.24"]
[SourceQuality "1"]

1. d4 d5 2. c4 e6 3. cxd5 exd5 4. Nc3 Nf6 5. Bg5 Be7 6. e3 0-0 7. Bd3 h6 8. Bh4 c6 9. Qc2 Nbd7 10. Nge2 Re8 11. 0-0 Nf8 12. f3 Ne6 13. Rad1 Kh8 14. Kh1 b6 15. Bf5 Nf8 16. Bd3 Ne6 17. Bf2 Bd7 18. e4 dxe4 19. fxe4 Ng4 20. Bg1 Rf8 21. h3 Nf6 22. Bh2 Bc8 23. d5 cxd5 24. exd5 Nc5 25. d6 Bxd6 26. Bb5 Nb7 27. Bc6 Ne8 28. Nb5 Rb8 29. Bxe8 Rxe8 30. Bxd6 Nxd6 31. Nxd6 Kg8 32. Nxe8 Qxe8 33. Nd4 Ba6 34. Rfe1 Qf8 35. Nc6 Rc8 36. Ne7+ Qxe7 37. Qxc8+ Bxc8 38. Rxe7 1-0

[Event "Natal Potiguar-ch op"]
[Site "Natal"]
[Date "2010.09.25"]
[Round "8"]
[White "Chellappa, Thiago"]
[Black "De Lima, Alan Silva"]
[Result "1-0"]
[WhiteElo "2021"]
[BlackElo "1906"]
[PlyCount "61"]
[EventDate "2010.09.17"]
[EventType "swiss"]
[EventRounds "9"]
[EventCountry "BRA"]
[SourceTitle "EXT 2014"]
[Source "ChessBase"]
[SourceDate "2013.11.20"]
[SourceVersion "1"]
[SourceVersionDate "2013.11.20"]
[SourceQuality "1"]

1. d4 c5 2. dxc5 Qa5+ 3. Nc3 Qxc5 4. Nf3 d6 5. g3 Nf6 6. Bg2 a6 7. 0-0 Nbd7 8. Qd4 g6 9. Qxc5 Nxc5 10. b4 Ncd7 11. Bb2 Bg7 12. Ne4 0-0 13. Nxf6+ Nxf6 14. Nd2 d5 15. c4 Be6 16. cxd5 Nxd5 17. Bxg7 Kxg7 18. a3 Rab8 19. Ne4 b6 20. Ng5 Rfc8 21. Nxe6+ fxe6 22. Rfc1 a5 23. Rxc8 Rxc8 24. bxa5 bxa5 25. Be4 Rc3 26. f4 Re3 27. Bd3 e5 28. Kf2 Kf6 29. Bc4 Nb6 30. Kxe3 Nxc4+ 31. Kd3 1-0

[Event "Natal Potiguar-ch op"]
[Site "Natal"]
[Date "2010.09.19"]
[Round "4"]
[White "Chellappa, Thiago"]
[Black "Pinheiro, Emanuel Eliez Jr"]
[Result "1/2-1/2"]
[WhiteElo "2021"]
[BlackElo "1962"]
[PlyCount "143"]
[EventDate "2010.09.17"]
[EventType "swiss"]
[EventRounds "9"]
[EventCountry "BRA"]
[SourceTitle "EXT 2014"]
[Source "ChessBase"]
[SourceDate "2013.11.20"]
[SourceVersion "1"]
[SourceVersionDate "2013.11.20"]
[SourceQuality "1"]

1. e4 c5 2. Nc3 g6 3. g3 Bg7 4. Bg2 Nc6 5. d3 d6 6. Be3 Nf6 7. h3 Bd7 8. Qd2 h6 9. f4 a6 10. Nge2 Rb8 11. d4 cxd4 12. Nxd4 Nh5 13. Nce2 Qa5 14. c3 Nxd4 15. Bxd4 Bxd4 16. Qxd4 0-0 17. g4 Ng7 18. Qe3 Qc5 19. Qxc5 dxc5 20. e5 Bb5 21. Rd1 Ne6 22. f5 Bxe2 23. Kxe2 Nf4+ 24. Kf2 Nxg2 25. Kxg2 Rfd8 26. Kf3 Kg7 27. Ke4 e6 28. fxe6 fxe6 29. h4 Kf7 30. Rhf1+ Ke7 31. Rxd8 Rxd8 32. Rf6 Rg8 33. a4 h5 34. g5 b6 35. b4 cxb4 36. cxb4 Rg7 37. Kd4 Rg8 38. a5 Rd8+ 39. Kc4 bxa5 40. bxa5 Rd5 41. Kb4 Rb5+ 42. Ka4 Rxe5 43. Rxg6 Re4+ 44. Kb3 Rxh4 45. Rg7+ Kd6 46. Ra7 Rg4 47. Rxa6+ Kd5 48. Rb6 Rg1 49. Kb4 Ke5 50. a6 Kf5 51. Rb5+ e5 52. a7 Rb1+ 53. Ka5 Ra1+ 54. Kb6 Rxa7 55. Kxa7 Kxg5 56. Rxe5+ Kg4 57. Re4+ Kg3 58. Re3+ Kg4 59. Kb6 h4 60. Re1 h3 61. Kc5 Kg3 62. Kd4 h2 63. Ke3 Kg2 64. Re2+ Kg1 65. Kd2 h1Q 66. Re1+ Kg2 67. Re2+ Kg1 68. Re3 Qh4 69. Kd3 Qd8+ 70. Ke4 Qe7+ 71. Kd3 Qxe3+ 72. Kxe3 1/2-1/2

[Event "Natal Potiguar-ch op"]
[Site "Natal"]
[Date "2010.09.18"]
[Round "3"]
[White "Pinto, Carlos Henrique Lop"]
[Black "Chellappa, Thiago"]
[Result "1-0"]
[WhiteElo "2099"]
[BlackElo "2021"]
[PlyCount "47"]
[EventDate "2010.09.17"]
[EventType "swiss"]
[EventRounds "9"]
[EventCountry "BRA"]
[SourceTitle "EXT 2014"]
[Source "ChessBase"]
[SourceDate "2013.11.20"]
[SourceVersion "1"]
[SourceVersionDate "2013.11.20"]
[SourceQuality "1"]

1. Nf3 d5 2. g3 h6 3. Bg2 Bf5 4. 0-0 Nf6 5. b3 e6 6. Bb2 Nbd7 7. d3 Be7 8. c4 c6 9. Nbd2 0-0 10. a3 a5 11. h3 Rc8 12. Bc3 Qc7 13. b4 axb4 14. axb4 Ra8 15. Qb3 Rfb8 16. Rfc1 Rxa1 17. Rxa1 dxc4 18. Nxc4 Nd5 19. Bd2 N5b6 20. Bf4 e5 21. Nfxe5 Ra8 22. Rxa8+ Nxa8 23. Nxf7 Qc8 24. Nxh6+ 1-0

[Event "Potiguar-ch sf"]
[Site "Natal"]
[Date "2009.08.27"]
[Round "2.10"]
[White "Chellappa, Thiago"]
[Black "Damasceno, Alecio Souza"]
[Result "1-0"]
[WhiteElo "2036"]
[BlackElo "1804"]
[PlyCount "113"]
[EventDate "2009.08.26"]
[EventType "swiss"]
[EventRounds "7"]
[EventCountry "BRA"]
[SourceTitle "EXT 2022"]
[Source "ChessBase"]
[SourceDate "2021.10.06"]
[SourceVersion "1"]
[SourceVersionDate "2021.10.06"]
[SourceQuality "1"]

1. d4 Nf6 2. c4 e6 3. Nf3 b6 4. g3 Bb7 5. Bg2 Bb4+ 6. Bd2 Qe7 7. 0-0 0-0 8. Ne5 Bxg2 9. Kxg2 Bxd2 10. Qxd2 d6 11. Nd3 Ne4 12. Qe3 Nf6 13. Nc3 Nbd7 14. f3 c5 15. dxc5 bxc5 16. b3 Nb8 17. Rad1 Nc6 18. Qf2 Qb7 19. e4 Nd4 20. Ne1 Qb4 21. Ne2 e5 22. Nxd4 exd4 23. Qd2 a5 24. Nd3 Qxd2+ 25. Rxd2 Rfb8 26. e5 Nd7 27. exd6 Rb6 28. Rb1 Rxd6 29. a3 Rb6 30. b4 Rab8 31. Rdb2 axb4 32. axb4 cxb4 33. Rxb4 Rxb4 34. Rxb4 Rxb4 35. Nxb4 Nc5 36. Kf2 Kf8 37. Ke2 Ke7 38. Nc6+ Kd6 39. Nxd4 g6 40. Ke3 f5 41. Kf4 h6 42. Nxf5+ gxf5 43. Kxf5 Nb3 44. Kg6 Nd2 45. c5+ Kxc5 46. f4 Kd6 47. Kxh6 Ke6 48. Kg6 Ne4 49. g4 Ke7 50. Kg7 Nf6 51. h3 Ne8+ 52. Kg6 Kf8 53. f5 Ng7 54. h4 Kg8 55. g5 Kh8 56. f6 Ne6 57. Kf7 1-0

[Event "Potiguar-ch"]
[Site "Natal"]
[Date "2007.10.13"]
[Round "8.3"]
[White "Chellappa, Thiago"]
[Black "Macedo, Maximo Iack Miranda"]
[Result "1/2-1/2"]
[WhiteElo "1999"]
[BlackElo "2269"]
[PlyCount "71"]
[EventDate "2007.10.06"]
[EventType "tourn"]
[EventRounds "9"]
[EventCountry "BRA"]
[SourceTitle "EXT 2022"]
[Source "ChessBase"]
[SourceDate "2021.10.06"]
[SourceVersion "1"]
[SourceVersionDate "2021.10.06"]
[SourceQuality "1"]

1. e4 c5 2. Nc3 Nc6 3. g3 g6 4. Bg2 Bg7 5. d3 e6 6. Be3 Nd4 7. Qd2 a6 8. Nd1 d6 9. c3 Nc6 10. Ne2 Nge7 11. d4 b6 12. Bh6 0-0 13. h4 f6 14. Bxg7 Kxg7 15. h5 Rh8 16. h6+ Kf7 17. f4 Bb7 18. Ne3 f5 19. e5 dxe5 20. dxe5 Qxd2+ 21. Kxd2 Rhd8+ 22. Ke1 Na5 23. Bxb7 Nxb7 24. Ng1 Nd5 25. Nxd5 Rxd5 26. Rd1 Rxd1+ 27. Kxd1 Ke7 28. Rh2 Nd8 29. Nf3 Nf7 30. c4 Rd8+ 31. Rd2 b5 32. Rxd8 Kxd8 33. b3 Kc7 34. Kd2 Kb6 35. Kc3 Ka5 36. a3 1/2-1/2